000 00620nam a2200241Ia 4500
003 OSt
005 20220928125826.0
006 a|||||r|||| 00| 0
007 ta
008 220927b |||||||| |||| 00| 0 eng d
024 _a43163
037 _cTextual
040 _aSDCL
_cSDCL
_beng
041 _2eng
_aeng
082 _aXM8:8D, N2
100 _aShapiro Alan C
245 0 _aMultinational fianciakl management
250 _a4
260 _aNew Delhi
_bPrentice Hall of India
_c1992
300 _axviii,729p
_ccm.
942 _hXM8:8D, N2
_cTEXL
_2CC
999 _c784186
_d784186